01887cam a22003374i 4500003000900000005001700009008004100026035001900067040003300086082001900119100003100138245011600169264007800285300002800363336002100391337002500412338002300437505091900460526001001379526001001389526001001399526001001409526000801419526000801427526000801435526000801443526000801451526000801459526000801467650007401475PE-LiUPU20250731173124.0150623s r 000 0 d a(Sirsi) a25835 aPE-LiUPUbspacPE-LiUPUerda04a286.732bA427d1 aAllen, Malcolm J.,eautor.10aDivine guidance :bor worldly pressure? youth ministry in the Seventh-Day Adventist Church /cMalcolm J. Allen. 1aSilver Spring, MD :bGeneral Conference of Seventh-day Adventists,c1995. a158 páginas ;c20 cm. atext2rdacontent aunmediated2rdamedia avolume2rdacarrier0 aSeventh-day Adventist youth ministry mission statement. -- Youth ministry and the Elijah message. -- Biblical basis of adventist youth ministry. -- An analysis of youth ministry in the SDA church. -- Youth ministry in the popular churches. -- Discovering our historical motivation in youth ministry - early beginnings. -- The sabbath school and youth department development and purpose. -- The young people's society of Seventh-day Adventists. -- A seprate department. -- The functions of youth ministry and the purpose of the youth society. -- Youth ministry-the expectations of church leaders and the perceptions of other departments. -- Youth ministry-then and now. -- Divine guidance or worldly pressure?. -- Disturbming trends in junior youth ministry. Restructuring and rebuilding youth ministry. -- The General Conference commission on youth. -- Youth ministry today.. and tomorrow. -- What is our Mission?. aSEG42 aSEG41 aSEG40 aSEG39 aP94 aP87 aP86 aP85 aP77 aP76 aP3504aAdventistas del Séptimo DíaxTrabajo de la iglesia con jóvenes.